Представление документа в формате RUSMARC

ПолеНазваниеЗначение
  Тип записи a
  Библиографический уровень m
001 Контрольный номер aba3ad962ad0484bad6fc4fa07e21e8b
005 Дата корректировки 20191202102621.9
010 Индекс ISBN __
a ISBN 978-5-394-02679-9
101 Язык документа 0_
a Язык текста rus
102 Страна публикации __
a Страна публикации RU
200 Заглавие и сведения об ответственности 1_
a Заглавие Менеджмент в притчах, сказках и занимательных историях с комментариями
f Первые сведения об ответственности Е. Л. Маслова
b Общее обозначение материала Текст
205 Сведения об издании __
a Основные сведения об издании 3-е изд.
210 Выходные данные 1_
a Место издания Москва
c Издательство ИТК Дашков и К
d Дата издания 2019
215 Физическое описание __
a Объем 256 с.
610 Ключевые слова 0_
a Ключевые слова менеджмент
610 Ключевые слова 0_
a Ключевые слова притчи
610 Ключевые слова 0_
a Ключевые слова сказки
610 Ключевые слова 0_
a Ключевые слова занимательные истории
610 Ключевые слова 0_
a Ключевые слова технологии менеджмента
a Ключевые слова человеческий фактор
a Ключевые слова этика и этикет
686 Индексы других классификаций __
a Классификационный индекс 65.29
700 Автор _1
a Фамилия Маслова
b Имя Е. Л.
g Полное личное имя Елена Лорандовна
801 Источник записи _0
a Страна RU
b Организация РУК
g Правила каталогизации PSBO
c Дата составления 20191202
801 Источник записи _1
a Страна RU
b Организация РУК
g Правила каталогизации PSBO
852 Данные о местонахождении __
i Авторский знак М 31
j Шифр хранения ББК 65.29
901 Тип документа __
t Тип документа m
912 Принадлежность преподавателя к РУК __
a Принадлежность преподавателя к РУК преподаватель Головного вуза
937 Технологическая информация __
a Создатель записи (имя) Мясникова
938 Служебная информация __
a Название организации Головной вуз